| 000 | 00564nam a2200181Ia 4500 | ||
|---|---|---|---|
| 003 | GCL | ||
| 008 | 140319s9999 xx 000 0 ara d | ||
| 040 |
_aGCL / _cGCL |
||
| 082 | 0 | 4 |
_a240 _bع ب |
| 100 | 1 | _aعبدالحميد كشك | |
| 245 | 1 | 0 |
_aبناء النفوس وأثره فى التربية / _cعبدالحميد كشك |
| 260 |
_a[S.N] : _bمكتبة الصحافة ، _c1988 |
||
| 300 | _a175 ص | ||
| 490 |
_aسلسلة بناء النفوس 1 _v0 |
||
| 650 | 0 | 4 | _aالتربية |
| 650 | 0 | 4 | _aالعقائد الاسلامية |
| 942 |
_2ddc _cBK |
||
| 999 |
_c27548 _d27548 |
||